[Event "Gernsheim U20 op 3rd"]
[Site "Gernsheim"]
[Date "2005.05.??"]
[Round "5"]
[White "Hoffmann, Paul"]
[Black "Fendrich, Jan"]
[Result "1-0"]
[WhiteElo "878"]
[BlackElo "1055"]
[PlyCount "45"]
[EventDate "2005.05.??"]
[EventType "swiss"]
[EventRounds "7"]
[EventCountry "GER"]
[SourceTitle "EXT 2007"]
[Source "ChessBase"]
[SourceDate "2006.11.23"]
[SourceVersion "1"]
[SourceVersionDate "2006.11.23"]
[SourceQuality "1"]

1. d4 d5 2. c4 e6 3. e3 c6 4. Nf3 g6 5. Bd3 Bg7 6. 0-0 Nd7 7. Nc3 Ngf6 8. Bd2 0-0 9. Qc2 b6 10. Rab1 Bb7 11. e4 dxe4 12. Nxe4 c5 13. Nxf6+ Qxf6 14. Be4 Bxe4 15. Qxe4 cxd4 16. Bb4 Rfd8 17. Rbd1 a5 18. Bc3 dxc3 19. Rxd7 cxb2 20. Rxd8+ Rxd8 21. Rb1 Qc3 22. Qf4 Rf8 23. h3 1-0